[Event "DEM U12w 2022"]
[Site "Willingen GER"]
[Date "2022.06.05"]
[Round "2"]
[White "Le, Thao-Linh"]
[Black "Huber, Laura"]
[Result "1/2-1/2"]
[Termination "normal"]
[Board "6"]
[WhiteElo "1093"]
[BlackElo "1340"]
[WhiteClock "00:33:45"]
[BlackClock "00:15:04"]
[PlyCount "48"]
[WhiteFideId "16279131"]
[BlackFideId "16270940"]
[EventCountry "GER"]
[EventRounds "9"]
[EventType "swiss"]
[EventDate "2022.06.04"]

1. e4 {[%clk 01:30:52]} {[%emt 00:00:07]} e5 {[%clk 01:30:55]} {[%emt
00:00:06]} 2. Nc3 {[%clk 01:30:50]} {[%emt 00:00:31]} Nf6 {[%clk 01:31:13]}
{[%emt 00:00:13]} 3. f4 {[%clk 01:30:37]} {[%emt 00:00:43]} d5 {[%clk
01:31:12]} {[%emt 00:00:31]} 4. fxe5 {[%clk 01:29:31]} {[%emt 00:01:37]} Nxe4
{[%clk 01:30:59]} {[%emt 00:00:42]} 5. Qf3 {[%clk 01:26:28]} {[%emt 00:03:33]}
Nxc3 {[%clk 01:24:43]} {[%emt 00:06:46]} 6. bxc3 {[%clk 01:23:29]} {[%emt
00:03:29]} Be7 {[%clk 01:06:41]} {[%emt 00:18:32]} 7. d4 {[%emt 00:14:23]} O-O
{[%clk 01:04:34]} {[%emt 00:02:34]} 8. Bd3 {[%clk 01:04:36]} {[%emt 00:05:33]}
Be6 {[%clk 00:45:37]} {[%emt 00:19:27]} 9. Ne2 {[%clk 01:01:17]} {[%emt
00:03:49]} c5 {[%clk 00:40:14]} {[%emt 00:05:53]} 10. O-O {[%clk 00:48:49]}
{[%emt 00:12:57]} c4 {[%clk 00:36:02]} {[%emt 00:04:43]} 11. Bf5 {[%clk
00:43:00]} {[%emt 00:06:19]} Bxf5 {[%clk 00:29:14]} {[%emt 00:07:18]} 12. Qxf5
{[%clk 00:41:53]} {[%emt 00:01:37]} Qd7 {[%clk 00:28:06]} {[%emt 00:01:39]} 13.
Qf3 {[%clk 00:40:03]} {[%emt 00:02:19]} f6 {[%clk 00:26:14]} {[%emt 00:02:22]}
14. Nf4 {[%clk 00:36:59]} {[%emt 00:03:34]} fxe5 {[%clk 00:24:07]} {[%emt
00:02:37]} 15. Qxd5+ {[%clk 00:35:22]} {[%emt 00:02:07]} Qxd5 {[%clk 00:22:59]}
{[%emt 00:01:38]} 16. Nxd5 {[%clk 00:35:43]} {[%emt 00:00:09]} Rxf1+ {[%clk
00:21:19]} {[%emt 00:02:10]} 17. Kxf1 {[%clk 00:35:27]} {[%emt 00:00:46]} Bd6
{[%clk 00:21:23]} {[%emt 00:00:26]} 18. Ba3 {[%clk 00:33:53]} {[%emt 00:02:03]}
Bxa3 {[%clk 00:20:30]} {[%emt 00:01:24]} 19. Nc7 {[%clk 00:34:12]} {[%emt
00:00:11]} Na6 {[%clk 00:19:00]} {[%emt 00:02:01]} 20. Nxa8 {[%clk 00:33:58]}
{[%emt 00:00:43]} exd4 {[%clk 00:19:19]} {[%emt 00:00:11]} 21. cxd4 {[%clk
00:33:53]} {[%emt 00:00:35]} b6 {[%clk 00:18:51]} {[%emt 00:00:58]} 22. d5
{[%clk 00:34:08]} {[%emt 00:00:14]} Bd6 {[%clk 00:18:48]} {[%emt 00:00:33]} 23.
Re1 {[%clk 00:34:11]} {[%emt 00:00:28]} Kf7 {[%clk 00:16:05]} {[%emt 00:03:13]}
24. g3 {[%clk 00:33:45]} {[%emt 00:00:56]} Nb4 {[%clk 00:15:04]} {[%emt
00:01:31]} 1/2-1/2

[Event "DEM U12w 2022"]
[Site "Willingen GER"]
[Date "2022.06.05"]
[Round "2"]
[White "Schwarzfischer, Julia"]
[Black "Türel, Tugce"]
[Result "1-0"]
[Termination "normal"]
[Board "8"]
[WhiteElo "1368"]
[BlackElo "1312"]
[WhiteClock "01:26:40"]
[BlackClock "01:15:24"]
[PlyCount "43"]
[WhiteFideId "16268105"]
[BlackFideId "26350602"]
[EventCountry "GER"]
[EventRounds "9"]
[EventType "swiss"]
[EventDate "2022.06.04"]

1. e4 {[%clk 01:30:59]} e5 {[%clk 01:30:59]} {[%emt 00:00:02]} 2. Nf3 {[%clk
01:31:20]} {[%emt 00:00:09]} Nc6 {[%clk 01:31:24]} {[%emt 00:00:04]} 3. Bc4
{[%clk 01:31:40]} {[%emt 00:00:10]} Bc5 {[%clk 01:31:50]} {[%emt 00:00:04]} 4.
c3 {[%clk 01:32:00]} {[%emt 00:00:10]} Nf6 {[%clk 01:32:16]} {[%emt 00:00:04]}
5. d3 {[%clk 01:32:16]} {[%emt 00:00:15]} O-O {[%clk 01:32:27]} {[%emt
00:00:19]} 6. Nbd2 {[%clk 01:32:40]} {[%emt 00:00:05]} d6 {[%clk 01:32:52]}
{[%emt 00:00:05]} 7. Nf1 {[%clk 01:33:02]} {[%emt 00:00:08]} Nh5 {[%clk
01:30:44]} {[%emt 00:02:39]} 8. Ng5 {[%clk 01:32:18]} {[%emt 00:01:14]} Nf4
{[%clk 01:27:54]} {[%emt 00:03:20]} 9. Bxf4 {[%clk 01:30:52]} {[%emt 00:01:55]}
exf4 {[%clk 01:27:41]} {[%emt 00:00:43]} 10. Qh5 {[%clk 01:31:06]} {[%emt
00:00:16]} h6 {[%clk 01:24:15]} {[%emt 00:03:57]} 11. Nxf7 {[%clk 01:31:20]}
{[%emt 00:00:16]} Rxf7 {[%clk 01:19:47]} {[%emt 00:04:58]} 12. Qxf7+ {[%clk
01:31:06]} {[%emt 00:00:44]} Kh8 {[%clk 01:18:55]} {[%emt 00:01:21]} 13. d4
{[%clk 01:30:45]} {[%emt 00:00:51]} Bb6 {[%clk 01:19:04]} {[%emt 00:00:21]} 14.
Qxf4 {[%clk 01:30:35]} {[%emt 00:00:40]} Qe7 {[%clk 01:18:10]} {[%emt
00:01:18]} 15. Ng3 {[%clk 01:30:18]} {[%emt 00:00:54]} Bd7 {[%clk 01:17:33]}
{[%emt 00:01:07]} 16. O-O {[%clk 01:26:38]} {[%emt 00:04:09]} Rf8 {[%clk
01:17:00]} {[%emt 00:01:04]} 17. Qd2 {[%clk 01:25:56]} {[%emt 00:01:11]} Be8
{[%clk 01:16:07]} {[%emt 00:01:23]} 18. Nf5 {[%clk 01:24:10]} {[%emt 00:02:16]}
Qxe4 {[%clk 01:16:03]} {[%emt 00:00:34]} 19. Nxh6 {[%clk 01:23:41]} {[%emt
00:00:59]} gxh6 {[%clk 01:16:21]} {[%emt 00:00:13]} 20. Qxh6+ {[%clk 01:24:00]}
{[%emt 00:00:10]} Qh7 {[%clk 01:16:43]} {[%emt 00:00:08]} 21. Qxf8+ {[%clk
01:24:22]} {[%emt 00:00:08]} Qg8 {[%clk 01:15:24]} {[%emt 00:04:40]} 22. Qxg8#
{[%clk 01:26:40]} {[%emt 00:00:07]} 1-0

[Event "DEM U12w 2022"]
[Site "Willingen GER"]
[Date "2022.06.05"]
[Round "2"]
[White "Czäczine, Paula"]
[Black "Bakó, Isabella"]
[Result "1-0"]
[Termination "normal"]
[Board "9"]
[WhiteElo "1218"]
[BlackElo "1247"]
[WhiteClock "00:58:16"]
[BlackClock "01:09:07"]
[PlyCount "77"]
[WhiteFideId "16249305"]
[BlackFideId "16287266"]
[EventCountry "GER"]
[EventRounds "9"]
[EventType "swiss"]
[EventDate "2022.06.04"]

1. e4 {[%clk 01:30:57]} {[%emt 00:00:03]} c6 {[%clk 01:30:52]} {[%emt
00:00:08]} 2. d4 {[%clk 01:31:14]} {[%emt 00:00:14]} d5 {[%clk 01:31:09]}
{[%emt 00:00:11]} 3. exd5 {[%clk 01:31:21]} {[%emt 00:00:25]} cxd5 {[%clk
01:31:29]} {[%emt 00:00:09]} 4. c4 {[%clk 01:31:39]} {[%emt 00:00:13]} Nf6
{[%clk 01:31:20]} {[%emt 00:00:37]} 5. Nf3 {[%clk 01:31:19]} {[%emt 00:00:51]}
Bg4 {[%clk 01:31:36]} {[%emt 00:00:13]} 6. Nc3 {[%clk 01:30:51]} {[%emt
00:01:00]} g6 {[%clk 01:31:09]} {[%emt 00:00:55]} 7. h3 {[%clk 01:28:49]}
{[%emt 00:02:33]} Bf5 {[%clk 01:28:09]} {[%emt 00:03:30]} 8. Be3 {[%clk
01:26:47]} {[%emt 00:02:33]} e6 {[%clk 01:27:11]} {[%emt 00:01:26]} 9. Be2
{[%clk 01:21:48]} {[%emt 00:05:30]} Bg7 {[%clk 01:26:21]} {[%emt 00:01:20]} 10.
O-O {[%clk 01:18:18]} {[%emt 00:04:01]} O-O {[%clk 01:26:27]} {[%emt 00:00:22]}
11. Ne5 {[%clk 01:16:41]} {[%emt 00:02:08]} Nc6 {[%clk 01:23:34]} {[%emt
00:03:23]} 12. g4 {[%clk 01:14:12]} {[%emt 00:03:00]} Be4 {[%clk 01:23:16]}
{[%emt 00:00:46]} 13. f3 {[%clk 01:14:24]} {[%emt 00:00:19]} Nxe5 {[%clk
01:23:25]} {[%emt 00:00:19]} 14. dxe5 {[%clk 01:14:28]} {[%emt 00:00:28]} Nd7
{[%clk 01:22:43]} {[%emt 00:01:11]} 15. fxe4 {[%clk 01:14:14]} {[%emt
00:00:45]} Bxe5 {[%clk 01:22:14]} {[%emt 00:00:59]} 16. exd5 {[%clk 01:12:29]}
{[%emt 00:02:15]} Qh4 {[%clk 01:21:01]} {[%emt 00:01:41]} 17. Rf3 {[%clk
01:12:05]} {[%emt 00:00:56]} exd5 {[%clk 01:18:49]} {[%emt 00:02:42]} 18. cxd5
{[%clk 01:11:29]} {[%emt 00:01:07]} f5 {[%clk 01:18:47]} {[%emt 00:00:32]} 19.
Qe1 {[%clk 01:10:07]} {[%emt 00:01:52]} Qe7 {[%clk 01:17:23]} {[%emt 00:01:52]}
20. gxf5 {[%clk 01:07:50]} {[%emt 00:02:49]} gxf5 {[%clk 01:16:43]} {[%emt
00:01:08]} 21. Qf2 {[%clk 01:07:09]} {[%emt 00:01:12]} Qg7+ {[%clk 01:13:53]}
{[%emt 00:03:20]} 22. Qg2 {[%clk 01:06:54]} {[%emt 00:00:45]} Rf7 {[%clk
01:11:58]} {[%emt 00:02:24]} 23. Qxg7+ {[%clk 01:05:30]} {[%emt 00:01:55]} Bxg7
{[%clk 01:12:11]} {[%emt 00:00:16]} 24. Rd1 {[%clk 01:03:38]} {[%emt 00:02:22]}
Raf8 {[%clk 01:11:51]} {[%emt 00:00:51]} 25. Bf4 {[%clk 01:01:53]} {[%emt
00:02:15]} Be5 {[%clk 01:11:48]} {[%emt 00:00:31]} 26. d6 {[%clk 00:59:44]}
{[%emt 00:02:41]} Re8 {[%clk 01:11:24]} {[%emt 00:00:52]} 27. Bc4 {[%clk
00:58:16]} {[%emt 00:01:59]} Bxf4 {[%clk 01:07:57]} {[%emt 00:03:58]} 28. Bxf7+
{[%clk 00:58:23]} {[%emt 00:00:24]} Kxf7 {[%clk 01:08:16]} {[%emt 00:00:10]}
29. Rxf4 {[%clk 00:58:41]} {[%emt 00:00:12]} Rg8+ {[%clk 01:06:54]} {[%emt
00:01:52]} 30. Kf2 {[%clk 00:58:43]} {[%emt 00:00:28]} Kf6 {[%clk 01:06:57]}
{[%emt 00:00:25]} 31. Rg1 {[%clk 00:57:27]} {[%emt 00:01:48]} Rxg1 {[%clk
01:07:03]} {[%emt 00:00:24]} 32. Kxg1 {[%clk 00:57:50]} {[%emt 00:00:07]} Ke5
{[%clk 01:07:27]} {[%emt 00:00:06]} 33. Rh4 {[%clk 00:58:00]} {[%emt 00:00:21]}
f4 {[%clk 01:07:51]} {[%emt 00:00:05]} 34. Rxh7 {[%clk 00:58:08]} {[%emt
00:00:22]} Kxd6 {[%clk 01:08:13]} {[%emt 00:00:07]} 35. Rh5 {[%clk 00:58:05]}
{[%emt 00:00:33]} Ne5 {[%clk 01:08:18]} {[%emt 00:00:26]} 36. Rf5 {[%clk
00:58:05]} {[%emt 00:00:30]} f3 {[%clk 01:08:41]} {[%emt 00:00:07]} 37. Ne4+
{[%clk 00:58:08]} {[%emt 00:00:27]} Kd5 {[%clk 01:08:59]} {[%emt 00:00:11]} 38.
Nd2 {[%clk 00:58:15]} {[%emt 00:00:25]} Ke6 {[%clk 01:09:07]} {[%emt 00:00:21]}
39. Rf4 {[%clk 00:58:16]} {[%emt 00:00:29]} 1-0

[Event "DEM U12w 2022"]
[Site "Willingen GER"]
[Date "2022.06.05"]
[Round "2"]
[White "Schube, Theresa"]
[Black "Richter, Johanna"]
[Result "1/2-1/2"]
[Termination "normal"]
[Board "10"]
[WhiteElo "1167"]
[BlackElo "1363"]
[WhiteClock "00:06:27"]
[BlackClock "00:13:34"]
[PlyCount "117"]
[WhiteFideId "34608800"]
[BlackFideId "16278925"]
[EventCountry "GER"]
[EventRounds "9"]
[EventType "swiss"]
[EventDate "2022.06.04"]

1. e4 {[%clk 01:30:56]} {[%emt 00:00:03]} c5 {[%clk 01:30:57]} {[%emt
00:00:04]} 2. Nf3 {[%clk 01:31:11]} {[%emt 00:00:14]} Nc6 {[%clk 01:31:22]}
{[%emt 00:00:06]} 3. Bb5 {[%clk 01:30:59]} {[%emt 00:00:41]} g6 {[%clk
01:31:42]} {[%emt 00:00:10]} 4. Bxc6 {[%clk 01:30:59]} {[%emt 00:00:30]} bxc6
{[%clk 01:32:03]} {[%emt 00:00:08]} 5. c4 {[%clk 01:28:40]} {[%emt 00:02:49]}
Bg7 {[%clk 01:31:52]} {[%emt 00:00:42]} 6. Qc2 {[%clk 01:26:12]} {[%emt
00:02:57]} e5 {[%clk 01:30:57]} {[%emt 00:01:26]} 7. d3 {[%clk 01:24:24]}
{[%emt 00:02:19]} Ne7 {[%clk 01:31:04]} {[%emt 00:00:23]} 8. Nc3 {[%clk
01:22:54]} {[%emt 00:01:59]} O-O {[%clk 01:30:13]} {[%emt 00:01:21]} 9. b3
{[%clk 01:22:00]} {[%emt 00:01:24]} d6 {[%clk 01:30:22]} {[%emt 00:00:22]} 10.
h3 {[%clk 01:21:44]} {[%emt 00:00:45]} h6 {[%clk 01:30:40]} {[%emt 00:00:11]}
11. O-O {[%clk 01:20:45]} {[%emt 00:01:29]} f5 {[%clk 01:30:29]} {[%emt
00:00:41]} 12. Re1 {[%clk 01:19:17]} {[%emt 00:01:58]} f4 {[%clk 01:30:22]}
{[%emt 00:00:38]} 13. Bb2 {[%clk 01:17:08]} {[%emt 00:02:38]} g5 {[%clk
01:30:03]} {[%emt 00:00:50]} 14. Nh2 {[%clk 01:15:13]} {[%emt 00:02:24]} Ng6
{[%clk 01:26:08]} {[%emt 00:04:26]} 15. Qe2 {[%clk 01:08:03]} {[%emt 00:07:39]}
Qf6 {[%clk 01:17:40]} {[%emt 00:08:58]} 16. Ng4 {[%clk 01:00:48]} {[%emt
00:07:46]} Qf7 {[%clk 01:16:15]} {[%emt 00:01:55]} 17. Qf3 {[%clk 00:57:32]}
{[%emt 00:03:45]} Nh4 {[%clk 01:14:39]} {[%emt 00:02:07]} 18. Qd1 {[%clk
00:56:37]} {[%emt 00:01:24]} Ng6 {[%clk 01:08:44]} {[%emt 00:06:25]} 19. Rc1
{[%clk 00:46:15]} {[%emt 00:10:53]} Ne7 {[%clk 01:06:21]} {[%emt 00:02:53]} 20.
Rc2 {[%clk 00:39:59]} {[%emt 00:06:46]} Qg6 {[%clk 01:04:09]} {[%emt 00:02:36]}
21. Ne2 {[%clk 00:32:53]} {[%emt 00:07:42]} Bxg4 {[%clk 01:01:28]} {[%emt
00:03:11]} 22. hxg4 {[%clk 00:33:10]} {[%emt 00:00:12]} h5 {[%clk 00:57:04]}
{[%emt 00:04:55]} 23. gxh5 {[%clk 00:29:00]} {[%emt 00:04:40]} Qxh5 {[%clk
00:57:18]} {[%emt 00:00:16]} 24. Nc3 {[%clk 00:28:37]} {[%emt 00:00:53]} Qh4
{[%clk 00:54:22]} {[%emt 00:03:25]} 25. Qf3 {[%clk 00:26:23]} {[%emt 00:02:45]}
g4 {[%clk 00:50:47]} {[%emt 00:04:05]} 26. g3 {[%clk 00:20:36]} {[%emt
00:06:17]} gxf3 {[%clk 00:48:12]} {[%emt 00:03:05]} 27. gxh4 {[%clk 00:20:53]}
{[%emt 00:00:12]} Bf6 {[%clk 00:48:18]} {[%emt 00:00:24]} 28. Kh2 {[%clk
00:19:12]} {[%emt 00:02:12]} Bxh4 {[%clk 00:48:17]} {[%emt 00:00:31]} 29. Kh3
{[%clk 00:19:34]} {[%emt 00:00:08]} Kf7 {[%clk 00:45:59]} {[%emt 00:02:47]} 30.
Kg4 {[%clk 00:17:40]} {[%emt 00:02:25]} Rg8+ {[%clk 00:44:26]} {[%emt
00:02:04]} 31. Kxf3 {[%clk 00:17:40]} {[%emt 00:00:29]} Rg7 {[%clk 00:43:51]}
{[%emt 00:01:05]} 32. Rh1 {[%clk 00:16:44]} {[%emt 00:01:25]} Bf6 {[%clk
00:41:39]} {[%emt 00:02:42]} 33. Rcc1 {[%clk 00:15:52]} {[%emt 00:01:22]} Rag8
{[%clk 00:41:42]} {[%emt 00:00:28]} 34. Ne2 {[%clk 00:15:22]} {[%emt 00:01:00]}
Ng6 {[%clk 00:41:12]} {[%emt 00:01:00]} 35. Ng1 {[%clk 00:14:40]} {[%emt
00:01:12]} Nh4+ {[%clk 00:41:00]} {[%emt 00:00:42]} 36. Ke2 {[%clk 00:14:59]}
{[%emt 00:00:11]} a6 {[%clk 00:37:32]} {[%emt 00:03:59]} 37. Nf3 {[%clk
00:14:24]} {[%emt 00:01:04]} Nxf3 {[%clk 00:37:02]} {[%emt 00:01:00]} 38. Kxf3
{[%clk 00:14:45]} {[%emt 00:00:08]} Ke6 {[%clk 00:32:49]} {[%emt 00:04:44]} 39.
Bc3 {[%clk 00:13:09]} {[%emt 00:02:06]} Bd8 {[%clk 00:28:56]} {[%emt 00:04:22]}
40. Rh2 {[%clk 00:12:27]} {[%emt 00:01:13]} Kf7 {[%clk 00:25:14]} {[%emt
00:04:12]} 41. Rch1 {[%clk 00:11:28]} {[%emt 00:01:29]} Rg6 {[%clk 00:22:33]}
{[%emt 00:03:11]} 42. Rh7+ {[%clk 00:10:45]} {[%emt 00:01:12]} R8g7 {[%clk
00:22:57]} {[%emt 00:00:07]} 43. Rh8 {[%clk 00:10:27]} {[%emt 00:00:48]} Rg8
{[%clk 00:22:39]} {[%emt 00:00:48]} 44. R1h7+ {[%clk 00:10:28]} {[%emt
00:00:29]} R6g7 {[%clk 00:22:09]} {[%emt 00:01:00]} 45. Rxg7+ {[%clk 00:10:22]}
{[%emt 00:00:35]} Kxg7 {[%clk 00:22:31]} {[%emt 00:00:09]} 46. Rxg8+ {[%clk
00:10:37]} {[%emt 00:00:14]} Kxg8 {[%clk 00:22:58]} {[%emt 00:00:04]} 47. Kg4
{[%clk 00:10:50]} {[%emt 00:00:17]} Kg7 {[%clk 00:20:13]} {[%emt 00:03:15]} 48.
f3 {[%clk 00:10:03]} {[%emt 00:01:17]} Kg6 {[%clk 00:20:17]} {[%emt 00:00:26]}
49. a3 {[%clk 00:09:38]} {[%emt 00:00:55]} Bc7 {[%clk 00:20:01]} {[%emt
00:00:46]} 50. a4 {[%clk 00:09:37]} {[%emt 00:00:31]} Bd8 {[%clk 00:20:02]}
{[%emt 00:00:29]} 51. Bd2 {[%clk 00:09:25]} {[%emt 00:00:42]} Kf6 {[%clk
00:18:32]} {[%emt 00:02:00]} 52. Be1 {[%clk 00:08:43]} {[%emt 00:01:12]} Ke6
{[%clk 00:18:41]} {[%emt 00:00:21]} 53. Kh5 {[%clk 00:08:15]} {[%emt 00:00:57]}
d5 {[%clk 00:18:23]} {[%emt 00:00:49]} 54. Kg6 {[%clk 00:07:43]} {[%emt
00:01:01]} Be7 {[%clk 00:16:23]} {[%emt 00:02:30]} 55. Kh5 {[%clk 00:06:52]}
{[%emt 00:01:21]} d4 {[%clk 00:15:19]} {[%emt 00:01:35]} 56. Bh4 {[%clk
00:06:29]} {[%emt 00:00:53]} Bd6 {[%clk 00:13:39]} {[%emt 00:02:10]} 57. Kg6
{[%clk 00:06:14]} {[%emt 00:00:45]} Bf8 {[%clk 00:13:43]} {[%emt 00:00:24]} 58.
Be1 {[%clk 00:06:12]} {[%emt 00:00:33]} Bd6 {[%clk 00:13:34]} {[%emt 00:00:40]}
59. Bh4 {[%clk 00:06:27]} {[%emt 00:00:15]} 1/2-1/2

[Event "DEM U12w 2022"]
[Site "Willingen GER"]
[Date "2022.06.05"]
[Round "2"]
[White "Halas, Neele Zoe"]
[Black "Kopylov, Diana"]
[Result "1/2-1/2"]
[Termination "normal"]
[Board "11"]
[WhiteElo "1415"]
[BlackElo "1110"]
[WhiteClock "00:28:37"]
[BlackClock "00:13:26"]
[PlyCount "115"]
[WhiteFideId "16287282"]
[BlackFideId "16268865"]
[EventCountry "GER"]
[EventRounds "9"]
[EventType "swiss"]
[EventDate "2022.06.04"]

1. e4 {[%clk 01:30:57]} {[%emt 00:00:02]} c5 {[%clk 01:30:55]} {[%emt
00:00:06]} 2. Nf3 {[%clk 01:31:22]} {[%emt 00:00:05]} d6 {[%clk 01:31:18]}
{[%emt 00:00:06]} 3. d4 {[%clk 01:31:46]} {[%emt 00:00:06]} cxd4 {[%clk
01:31:42]} {[%emt 00:00:06]} 4. Nxd4 {[%clk 01:32:11]} {[%emt 00:00:06]} Nf6
{[%clk 01:32:05]} {[%emt 00:00:06]} 5. Nc3 {[%clk 01:32:30]} {[%emt 00:00:11]}
g6 {[%clk 01:32:27]} {[%emt 00:00:08]} 6. Be2 {[%clk 01:32:44]} {[%emt
00:00:17]} Bg7 {[%clk 01:32:32]} {[%emt 00:00:24]} 7. O-O {[%clk 01:32:52]}
{[%emt 00:00:22]} O-O {[%clk 01:32:48]} {[%emt 00:00:15]} 8. Re1 {[%clk
01:32:34]} {[%emt 00:00:48]} Nc6 {[%clk 01:32:35]} {[%emt 00:00:42]} 9. Nb3
{[%clk 01:32:55]} {[%emt 00:00:10]} Bd7 {[%clk 01:30:33]} {[%emt 00:02:31]} 10.
Bf1 {[%clk 01:32:41]} {[%emt 00:00:45]} a6 {[%clk 01:23:43]} {[%emt 00:07:19]}
11. Bg5 {[%clk 01:30:30]} {[%emt 00:02:40]} b5 {[%clk 01:21:14]} {[%emt
00:03:00]} 12. Nd5 {[%clk 01:23:58]} {[%emt 00:07:03]} Nxd5 {[%clk 01:16:58]}
{[%emt 00:04:45]} 13. exd5 {[%clk 01:24:06]} {[%emt 00:00:22]} Ne5 {[%clk
01:05:29]} {[%emt 00:11:59]} 14. c3 {[%clk 01:13:57]} {[%emt 00:10:40]} Re8
{[%clk 01:01:34]} {[%emt 00:04:24]} 15. Re4 {[%clk 01:07:01]} {[%emt 00:07:27]}
Bf5 {[%clk 00:56:01]} {[%emt 00:06:02]} 16. Re1 {[%clk 01:04:23]} {[%emt
00:03:03]} Qb6 {[%clk 00:51:11]} {[%emt 00:05:24]} 17. Be3 {[%clk 00:47:28]}
{[%emt 00:17:24]} Qb7 {[%clk 00:47:02]} {[%emt 00:04:40]} 18. Nc1 {[%clk
00:21:26]} {[%emt 00:26:33]} Nd7 {[%clk 00:39:02]} {[%emt 00:08:30]} 19. Be2
{[%clk 00:16:05]} {[%emt 00:05:51]} Be4 {[%clk 00:35:24]} {[%emt 00:04:07]} 20.
Bf3 {[%clk 00:13:16]} {[%emt 00:03:20]} Nf6 {[%clk 00:32:56]} {[%emt 00:02:59]}
21. Bxe4 {[%clk 00:11:47]} {[%emt 00:01:58]} Nxe4 {[%clk 00:33:01]} {[%emt
00:00:24]} 22. Qd3 {[%clk 00:11:01]} {[%emt 00:01:16]} Nf6 {[%clk 00:30:48]}
{[%emt 00:02:43]} 23. Rd1 {[%clk 00:11:15]} {[%emt 00:00:18]} Nd7 {[%clk
00:29:20]} {[%emt 00:01:57]} 24. Ne2 {[%clk 00:08:01]} {[%emt 00:03:45]} Ne5
{[%clk 00:27:59]} {[%emt 00:01:50]} 25. Qb1 {[%clk 00:05:30]} {[%emt 00:02:58]}
Nc4 {[%clk 00:26:43]} {[%emt 00:01:49]} 26. Qc1 {[%clk 00:05:18]} {[%emt
00:00:43]} Rac8 {[%clk 00:25:51]} {[%emt 00:01:21]} 27. a4 {[%clk 00:03:43]}
{[%emt 00:02:05]} b4 {[%clk 00:22:42]} {[%emt 00:03:39]} 28. Bd4 {[%clk
00:02:35]} {[%emt 00:01:36]} Ne5 {[%clk 00:19:45]} {[%emt 00:03:29]} 29. Bxe5
{[%clk 00:02:30]} {[%emt 00:00:36]} Bxe5 {[%clk 00:20:03]} {[%emt 00:00:11]}
30. c4 {[%clk 00:02:22]} {[%emt 00:00:39]} Qc7 {[%clk 00:19:33]} {[%emt
00:00:58]} 31. b3 {[%clk 00:02:34]} {[%emt 00:00:19]} Bxa1 {[%clk 00:19:40]}
{[%emt 00:00:23]} 32. Qxa1 {[%clk 00:02:57]} {[%emt 00:00:07]} a5 {[%clk
00:19:30]} {[%emt 00:00:39]} 33. Nd4 {[%clk 00:02:58]} {[%emt 00:00:30]} Qb6
{[%clk 00:19:04]} {[%emt 00:00:54]} 34. Nb5 {[%clk 00:02:58]} {[%emt 00:00:32]}
Rcd8 {[%clk 00:18:00]} {[%emt 00:01:33]} 35. Re1 {[%clk 00:03:08]} {[%emt
00:00:21]} Qb7 {[%clk 00:15:54]} {[%emt 00:02:35]} 36. h3 {[%clk 00:02:37]}
{[%emt 00:01:03]} e6 {[%clk 00:15:19]} {[%emt 00:01:03]} 37. Qf6 {[%clk
00:02:46]} {[%emt 00:00:21]} Qe7 {[%clk 00:14:15]} {[%emt 00:01:34]} 38. Qf4
{[%clk 00:02:24]} {[%emt 00:00:53]} Kg7 {[%clk 00:13:19]} {[%emt 00:01:26]} 39.
Qg4 {[%clk 00:02:08]} {[%emt 00:00:46]} Rd7 {[%clk 00:10:04]} {[%emt 00:03:45]}
40. Qg3 {[%clk 00:02:13]} {[%emt 00:00:25]} h6 {[%clk 00:09:21]} {[%emt
00:01:13]} 41. Kf1 {[%clk 00:02:12]} {[%emt 00:00:31]} Red8 {[%clk 00:08:36]}
{[%emt 00:01:15]} 42. Rd1 {[%clk 00:02:13]} {[%emt 00:00:30]} Qf6 {[%clk
00:08:04]} {[%emt 00:01:00]} 43. dxe6 {[%clk 00:02:10]} {[%emt 00:00:34]} Qxe6
{[%clk 00:07:47]} {[%emt 00:00:47]} 44. h4 {[%clk 00:02:00]} {[%emt 00:00:40]}
d5 {[%clk 00:06:02]} {[%emt 00:02:15]} 45. Nd4 {[%clk 00:02:02]} {[%emt
00:00:28]} Qf6 {[%clk 00:05:09]} {[%emt 00:01:22]} 46. c5 {[%clk 00:02:24]}
{[%emt 00:00:09]} Rc8 {[%clk 00:04:57]} {[%emt 00:00:41]} 47. c6 {[%clk
00:02:14]} {[%emt 00:00:41]} Rdc7 {[%clk 00:04:05]} {[%emt 00:01:22]} 48. h5
{[%clk 00:02:06]} {[%emt 00:00:38]} g5 {[%clk 00:03:58]} {[%emt 00:00:37]} 49.
Qd3 {[%clk 00:02:00]} {[%emt 00:00:36]} Re8 {[%clk 00:02:43]} {[%emt 00:01:44]}
50. Qb5 {[%clk 00:01:45]} {[%emt 00:00:45]} Ra7 {[%clk 00:27:07]} {[%emt
00:06:03]} 51. Qb6 {[%clk 00:31:15]} {[%emt 00:01:05]} Ree7 {[%clk 00:26:01]}
{[%emt 00:01:34]} 52. Nb5 {[%clk 00:31:17]} {[%emt 00:00:29]} Rad7 {[%clk
00:20:15]} {[%emt 00:06:14]} 53. Qd4 {[%clk 00:29:16]} {[%emt 00:02:33]} Qxd4
{[%clk 00:14:22]} {[%emt 00:06:23]} 54. Nxd4 {[%clk 00:28:39]} {[%emt
00:01:06]} Rd8 {[%clk 00:12:41]} {[%emt 00:02:09]} 55. Nf5+ {[%clk 00:28:26]}
{[%emt 00:00:45]} Kf6 {[%clk 00:12:53]} {[%emt 00:00:18]} 56. Nxe7 {[%clk
00:28:50]} {[%emt 00:00:06]} Kxe7 {[%clk 00:13:12]} {[%emt 00:00:11]} 57. c7
{[%clk 00:28:39]} {[%emt 00:00:42]} Rc8 {[%clk 00:13:26]} {[%emt 00:00:15]} 58.
Rxd5 {[%clk 00:28:37]} {[%emt 00:00:32]} 1/2-1/2